000 00220nam a2200097Ia 4500
005 20251222114401.0
008 251222s1900||||xx |||||||||||||| ||spa||
082 _aDVD0070/C28/2001
245 0 _aLavour Arcaica:
942 _cDVD
999 _c1653
_d1653